[Event "Beijing Sportaccord blindfold (Women)"]
[Site "Beijing"]
[Date "2012.12.19"]
[Round "5"]
[White "Kosteniuk, Alexandra"]
[Black "Zatonskih, Anna"]
[Result "0-1"]
[WhiteElo "2501"]
[BlackElo "2489"]
[PlyCount "162"]
[EventDate "2012.12.18"]
[EventType "swiss (rapid)"]
[EventRounds "7"]
[EventCountry "CHN"]
[SourceTitle "EXT 2014"]
[Source "ChessBase"]
[SourceDate "2013.11.20"]
[SourceVersion "1"]
[SourceVersionDate "2013.11.20"]
[SourceQuality "1"]

1. e4 e6 2. d4 d5 3. Nd2 dxe4 4. Nxe4 Nd7 5. Nf3 Ngf6 6. Nxf6+ Nxf6 7. Bd3 c5
8. Be3 Qc7 9. Qe2 cxd4 10. Bxd4 Bb4+ 11. c3 Bc5 12. Be5 Bd6 13. Bb5+ Ke7 14.
Bxd6+ Qxd6 15. Nd4 Qc5 16. O-O Rd8 17. Rad1 Bd7 18. Bc4 Rac8 19. Bb3 Kf8 20. f4
Bc6 21. Kh1 Bd5 22. Qe3 Bxb3 23. axb3 Qb6 24. h3 Rd7 25. g4 Rcd8 26. Rf3 Nd5
27. Qe4 Nf6 28. Qc2 Kg8 29. Re1 Qc5 30. Qg2 Rd5 31. Rfe3 R5d7 32. Re5 Rd5 33.
R5e2 R5d7 34. Kh2 Qc7 35. Qg3 a6 36. Kg2 Qd6 37. Re5 Qc7 38. f5 exf5 39. Rxf5
Qxg3+ 40. Kxg3 Re8 41. Rxe8+ Nxe8 42. Rc5 Kf8 43. Rc8 g6 44. Kf4 Ke7 45. Kg5 h5
46. Rc5 hxg4 47. hxg4 Kf8 48. Rc8 Ke7 49. Kf4 Nc7 50. Ke5 Ne8 51. g5 f6+ 52.
gxf6+ Nxf6 53. Rb8 Kf7 54. Kf4 Re7 55. Nf3 Nd5+ 56. Kg5 Ne3 57. Rh8 Nd1 58.
Rh7+ Ke8 59. Rh2 Kf7 60. Kf4 Ne3 61. Rh7+ Kf6 62. Rh2 Nd5+ 63. Kg3 Ne3 64. Kf4
Nd5+ 65. Kg3 Ne3 66. Rf2 Nf5+ 67. Kf4 Rh7 68. Ne5 g5+ 69. Ke4 Ke6 70. Nf3 Rg7
71. Ne5 Nd6+ 72. Kd4 Nf5+ 73. Ke4 Nd6+ 74. Kd4 g4 75. Rg2 g3 76. Nf3 Kf5 77.
Kd5 Kf4 78. Nd4 Nf5 79. Ne6+ Kf3 80. Nxg7 Nxg7 81. Kc5 Kxg2 0-1

[Event "Beijing Sportaccord blindfold (Women)"]
[Site "Beijing"]
[Date "2012.12.19"]
[Round "6"]
[White "Socko, Monika"]
[Black "Kosteniuk, Alexandra"]
[Result "0-1"]
[WhiteElo "2445"]
[BlackElo "2501"]
[PlyCount "120"]
[EventDate "2012.12.18"]
[EventType "swiss (rapid)"]
[EventRounds "7"]
[EventCountry "CHN"]
[SourceTitle "EXT 2014"]
[Source "ChessBase"]
[SourceDate "2013.11.20"]
[SourceVersion "1"]
[SourceVersionDate "2013.11.20"]
[SourceQuality "1"]

1. d4 Nf6 2. c4 e6 3. Nf3 b6 4. a3 Bb7 5. Nc3 d5 6. Bg5 Be7 7. Qa4+ Bc6 8. Qb3
dxc4 9. Qxc4 a6 10. Bxf6 Bxf6 11. e4 b5 12. Qd3 Nd7 13. Be2 Bb7 14. O-O c5 15.
e5 c4 16. Qe3 Be7 17. Nd2 Nb6 18. f4 O-O 19. Bf3 Nd5 20. Bxd5 Bxd5 21. Nde4
Bxe4 22. Qxe4 Qb6 23. Rad1 f5 24. exf6 Bxf6 25. f5 Rad8 26. Qxe6+ Qxe6 27. fxe6
Bxd4+ 28. Kh1 Rxf1+ 29. Rxf1 Bxc3 30. bxc3 Re8 31. Re1 Kf8 32. a4 Ke7 33. axb5
axb5 34. g4 Kd6 35. Rb1 Kc5 36. Re1 b4 37. cxb4+ Kxb4 38. Kg2 c3 39. Rb1+ Kc5
40. Rb3 Kd4 41. Rb6 Kd5 42. Rb3 Kd4 43. Rb6 c2 44. Rc6 Kd3 45. Kf3 Kd2 46. Rd6+
Ke1 47. Rc6 Kd1 48. Rd6+ Kc1 49. Rc6 Rb8 50. e7 Kb2 51. Ke4 c1=Q 52. Rxc1 Kxc1
53. Kf5 Kd2 54. Ke6 Ke3 55. Kf7 g5 56. e8=Q+ Rxe8 57. Kxe8 Kf4 58. Kf7 Kxg4 59.
Kf6 h5 60. Kg6 h4 0-1

[Event "Beijing Sportaccord blindfold (Women)"]
[Site "Beijing"]
[Date "2012.12.19"]
[Round "7"]
[White "Kosteniuk, Alexandra"]
[Black "Zhao, Xue"]
[Result "0-1"]
[WhiteElo "2501"]
[BlackElo "2565"]
[PlyCount "140"]
[EventDate "2012.12.18"]
[EventType "swiss (rapid)"]
[EventRounds "7"]
[EventCountry "CHN"]
[SourceTitle "EXT 2014"]
[Source "ChessBase"]
[SourceDate "2013.11.20"]
[SourceVersion "1"]
[SourceVersionDate "2013.11.20"]
[SourceQuality "1"]

1. e4 e5 2. Nf3 Nc6 3. Bb5 a6 4. Ba4 Nf6 5. O-O Be7 6. Re1 b5 7. Bb3 d6 8. c3
O-O 9. h3 Nb8 10. d4 Nbd7 11. Nbd2 Bb7 12. Bc2 c5 13. d5 c4 14. Nf1 Qc7 15. Ng3
Rfb8 16. Nf5 Bf8 17. g4 a5 18. Bd2 Nc5 19. Qe2 Ba6 20. a3 b4 21. axb4 axb4 22.
g5 Nfd7 23. Nh2 bxc3 24. Bxc3 Nd3 25. Reb1 N7c5 26. Ng4 Bb5 27. Qf3 Kh8 28.
Rxa8 Rxa8 29. h4 Qd8 30. Bd2 Ra2 31. Nfe3 Kg8 32. Bc3 Nf4 33. Nf5 Na4 34. Bd2
Rxb2 35. Rxb2 Nxb2 36. Bxf4 exf4 37. Qxf4 Kh8 38. e5 dxe5 39. Nxe5 Qxd5 40. Ne3
Qe6 41. Bf5 Qe8 42. Be4 Nd3 43. Qf5 g6 44. Nxf7+ Kg8 45. Qf6 Qxe4 46. Nh6+ Bxh6
47. gxh6 Qe5 48. Qd8+ Kf7 49. Ng4 Qe6 50. Qd4 Ke7 51. Qg7+ Kd6 52. Ne3 Qd7 53.
Qd4+ Kc7 54. Qa7+ Kc6 55. Qa8+ Kb6 56. Nd5+ Kc5 57. Nf6 Qf7 58. Qa3+ Kb6 59.
Qd6+ Kb7 60. f4 Bc6 61. Kf1 c3 62. Qxd3 Qxf6 63. Qc4 Kc7 64. Ke2 Kb6 65. Ke3
Qe7+ 66. Kd4 Qf6+ 67. Ke3 Bb5 68. Qc8 Qe7+ 69. Kd4 Qb4+ 70. Kd5 Qc4+ 0-1

[Event "WchT (Women) 4th"]
[Site "Astana"]
[Date "2013.03.03"]
[Round "1.2"]
[White "Kosteniuk, Alexandra"]
[Black "Bulmaga, Irina"]
[Result "1/2-1/2"]
[WhiteElo "2495"]
[BlackElo "2354"]
[PlyCount "90"]
[EventDate "2013.03.03"]
[EventType "team-tourn"]
[EventRounds "9"]
[EventCountry "KAZ"]
[SourceTitle "CBM 153 Extra"]
[Source "ChessBase"]
[SourceDate "2013.04.22"]
[SourceVersion "1"]
[SourceVersionDate "2013.04.22"]
[SourceQuality "1"]
[WhiteTeam "Russia (W)"]
[BlackTeam "Romania (W)"]
[WhiteTeamCountry "RUS"]
[BlackTeamCountry "ROU"]

1. e4 c6 2. d4 d5 3. e5 Bf5 4. Nf3 e6 5. Be2 Ne7 6. O-O c5 7. c4 Nbc6 8. dxc5
d4 9. Qb3 Ng6 10. Qxb7 Qc8 11. Qxc8+ Rxc8 12. a3 a5 13. b4 axb4 14. axb4 Nxb4
15. Nxd4 Bxc5 16. Nxf5 exf5 17. Ra5 O-O 18. Rd1 Rfe8 19. Ba3 Bf8 20. Rb5 Rxe5
21. Bf1 Nc6 22. Bb2 Ree8 23. Rxf5 Nce5 24. Nd2 Bb4 25. Bxe5 Nxe5 26. Nf3 Nxf3+
27. Rxf3 Re1 28. Rxe1 Bxe1 29. Rb3 g6 30. g3 Kg7 31. Bd3 Rc6 32. Kg2 Ba5 33.
Be2 Kf6 34. Rb5 Bc3 35. g4 h6 36. f4 Bd2 37. Kf3 Re6 38. f5 Re3+ 39. Kf2 Re5
40. Rb6+ Kg5 41. Rb7 gxf5 42. Rxf7 fxg4 43. Rg7+ Kf6 44. Rxg4 Rf5+ 45. Bf3 Rf4
1/2-1/2

[Event "WchT (Women) 4th"]
[Site "Astana"]
[Date "2013.03.04"]
[Round "2.2"]
[White "Saduakassova, Dinara"]
[Black "Kosteniuk, Alexandra"]
[Result "0-1"]
[WhiteElo "2353"]
[BlackElo "2495"]
[PlyCount "76"]
[EventDate "2013.03.03"]
[EventType "team-tourn"]
[EventRounds "9"]
[EventCountry "KAZ"]
[SourceTitle "CBM 153 Extra"]
[Source "ChessBase"]
[SourceDate "2013.04.22"]
[SourceVersion "1"]
[SourceVersionDate "2013.04.22"]
[SourceQuality "1"]
[WhiteTeam "Kazakhstan (W)"]
[BlackTeam "Russia (W)"]
[WhiteTeamCountry "KAZ"]
[BlackTeamCountry "RUS"]

1. d4 Nf6 2. c4 e6 3. Nf3 b6 4. g3 Bb7 5. Bg2 Be7 6. O-O O-O 7. Nc3 Ne4 8. Qc2
d5 9. Bf4 Na6 10. Rad1 Nxc3 11. bxc3 c6 12. Qb1 Nc7 13. cxd5 cxd5 14. h4 Ba6
15. Rfe1 Nb5 16. Qb2 Rc8 17. Bd2 Nd6 18. Ne5 Ne4 19. Rc1 Bd6 20. Qc2 Ba3 21.
Rb1 Nxd2 22. Qxd2 Qc7 23. Rb3 Bd6 24. e4 f6 25. Nd3 dxe4 26. Bxe4 Bc4 27. Rb2
Rcd8 28. Bg2 e5 29. Qe3 exd4 30. cxd4 Qf7 31. Bh3 Rfe8 32. Qd2 Qg6 33. Nf4
Rxe1+ 34. Qxe1 Bxf4 35. h5 Qxh5 36. Be6+ Bxe6 37. Qxe6+ Kh8 38. gxf4 Re8 0-1

[Event "WchT (Women) 4th"]
[Site "Astana"]
[Date "2013.03.05"]
[Round "3.1"]
[White "Yildiz Kadioglu, Betul Cemre"]
[Black "Kosteniuk, Alexandra"]
[Result "0-1"]
[WhiteElo "2341"]
[BlackElo "2495"]
[Annotator "CB"]
[PlyCount "74"]
[EventDate "2013.03.03"]
[EventType "team-tourn"]
[EventRounds "9"]
[EventCountry "KAZ"]
[SourceTitle "CBM 153 Extra"]
[Source "ChessBase"]
[SourceDate "2013.04.22"]
[SourceVersion "1"]
[SourceVersionDate "2013.04.22"]
[SourceQuality "1"]
[WhiteTeam "Turkey (W)"]
[BlackTeam "Russia (W)"]
[WhiteTeamCountry "TUR"]
[BlackTeamCountry "RUS"]

1. e4 d5 2. exd5 Qxd5 3. Nc3 Qd6 {Wer hätte gedacht, dass solche Varianten
einmal bei Weltmeisterschaften hoffähig werden, auch wenn es "nur"
Frauen-Mannschaftsweltmeisterschaften sind. Hier greift Ex-Weltmeisterin
Alexandra Kosteniuk zur Tiviakov-Variante der Skandinavischen Verteidigung.} 4.
d4 Nf6 5. Nf3 c6 ({Riskanter ist} 5... a6 6. g3 b5) 6. Ne5 Nbd7 7. Nc4 ({
Ein bekannte "Unglücksfall" war} 7. f4 Nb6 8. g4 Nbd5 9. Bg2 g6 10. g5 Nxc3 11.
bxc3 Nd5 (11... Nd7) 12. c4 Nc7 13. c5 Qd8 14. d5 cxd5 15. c4 e6 16. Bb2 Bg7
17. Nc6 bxc6 18. Bxg7 Rg8 19. Be5 Bd7 20. O-O Rb8 21. Qa4 Rb7 22. Rab1 Qc8 23.
Rxb7 Qxb7 24. Rf2 d4 25. Qa5 Kd8 26. Be4 {1-0 (26) Shirov,A (2749)-Tiviakov,S 
(2637) Hoogeveen 2010}) 7... Qc7 8. Qf3 Nb6 ({Nicht} 8... e6 9. Bf4 Qd8 10.
Nd6+ Bxd6 11. Bxd6 {und Weiß muss sich von der Rochade verabschieden.} Nb6 12.
Qg3 Nbd5 (12... Nh5 13. Qe5) 13. Bd3 Nxc3 14. bxc3 g6 15. Qe5 Rg8 16. O-O Nh5
17. Rfe1 f6 18. Qc5 Kf7 19. a4 Ng7 20. a5 Ne8 21. Bf4 Qe7 22. Qxe7+ Kxe7 23. c4
Kd8 24. Rab1 Rg7 25. h4 Nc7 26. Re3 Rd7 27. c3 Ke7 28. h5 g5 29. Bxc7 Rxc7 30.
Bxh7 Bd7 31. c5 Rh8 32. Bg6 Kf8 33. g4 Kg7 34. f3 Bc8 35. Bd3 Rd8 36. Bc4 Re7
37. Kf2 a6 38. Rbe1 Rde8 39. Bd3 Bd7 40. Kg3 Kh6 41. Bg6 Rd8 42. Rf1 Be8 43.
Bxe8 Rdxe8 44. Rfe1 e5 45. dxe5 fxe5 46. Rd1 Kh7 47. Rd6 Rg8 48. Kf2 Rf8 49.
Rg6 Rd8 50. Rxg5 Rd5 51. f4 Rf7 52. Rgxe5 Rxe5 53. Rxe5 Rxf4+ 54. Kg3 Rc4 55.
g5 Rxc3+ 56. Kg4 {1-0 (56) Haba,P (2526)-Brunner,W (2168) Winterthur 2006}) 9.
Bf4 Qd7 10. h3 {Weiß, besser entwickelt, gibt den Bauern d4.} ({Mit der Idee} 
10. O-O-O Qg4 $11) 10... Nxc4 11. Bxc4 Qxd4 12. Bb3 Bf5 13. Rd1 Qb6 14. Be5 e6
15. g4 Bg6 16. Bxf6 gxf6 17. Qxf6 Rg8 18. Bxe6 {Die Stellung sieht für Weiß
besser aus, doch Schwarz hat tatsächlich noch genug Ressourcen, sich zu halten.
} Be7 (18... fxe6 $2 19. Qxe6+ {kostet den Turm g8.}) 19. Bd7+ Kf8 {Das war's.
Weiß hat sein Pulver veschossen und muss sich zurück ziehen.} 20. Qf3 (20. Qe5
$5 $11) 20... Qxb2 21. O-O (21. Rb1 Qxc2 22. O-O Qd3 $15) 21... Qxc2 22. Rfe1
$2 {Rennt in eine Fesselung.} ({Besser war} 22. Qe3 Bb4 23. Ne2) 22... Bb4 {
In wenigen Zügen hat Schwarz das Kommando übernommen.} 23. Re3 Bxc3 24. Rxc3
Be4 25. Rxc2 Bxf3 26. Re1 {Mit Mehrbauern und besserer Stellung.} h5 27. Kh2
hxg4 28. Kg3 Rd8 29. Bf5 (29. hxg4 Rxd7 30. Kxf3 {bietet bessere praktische
Remischancen.}) 29... Rd5 ({Gut war gleich} 29... Bd1 30. Rc4 gxh3+ 31. Kxh3
Rd2 $19) 30. Bc8 $2 ({Nach} 30. Bxg4 Bd1 {geht noch} 31. Rc4 f5 32. Rf4 Kf7 33.
Kh4 $17) 30... Rd3 $19 31. Re3 Rxe3 ({Hübsch war} 31... gxh3+ 32. Kxf3 h2 33.
Rc1 Rxe3+ 34. fxe3 Rg1 $19) 32. fxe3 Be4 33. Rc4 $2 ({Nach} 33. Rh2 gxh3+ 34.
Kf4 Bg2 35. Bxh3 Rh8 36. Rxg2 Rxh3 {muss Schwarz noch arbeiten.}) 33... gxh3+
34. Kxh3 Bg2+ 35. Kh2 Bd5 36. Ra4 Rg2+ 37. Kh3 Rxa2 {Nun macht es keinen Spaß
mehr...} 0-1

[Event "WchT (Women) 4th"]
[Site "Astana"]
[Date "2013.03.06"]
[Round "4.2"]
[White "Huang, Qian"]
[Black "Kosteniuk, Alexandra"]
[Result "0-1"]
[WhiteElo "2476"]
[BlackElo "2495"]
[PlyCount "80"]
[EventDate "2013.03.03"]
[EventType "team-tourn"]
[EventRounds "9"]
[EventCountry "KAZ"]
[SourceTitle "CBM 153 Extra"]
[Source "ChessBase"]
[SourceDate "2013.04.22"]
[SourceVersion "1"]
[SourceVersionDate "2013.04.22"]
[SourceQuality "1"]
[WhiteTeam "China (W)"]
[BlackTeam "Russia (W)"]
[WhiteTeamCountry "CHN"]
[BlackTeamCountry "RUS"]

1. d4 Nf6 2. c4 e6 3. Nc3 Bb4 4. Qc2 d5 5. a3 Bxc3+ 6. Qxc3 c5 7. dxc5 d4 8.
Qg3 Nc6 9. b4 e5 10. Qxg7 Rg8 11. Qh6 Rg6 12. Qd2 Ne4 13. Qb2 a5 14. b5 Qf6 15.
e3 Ne7 16. Nf3 Bh3 17. exd4 Bxg2 18. Nxe5 Bxh1 19. Nxg6 hxg6 20. Be3 Bf3 21.
Be2 Nxc5 22. Rb1 Bxe2 23. Qxe2 Ne4 24. Rc1 Qh4 25. Qf3 Nf5 26. Bf4 Kf8 27. Rd1
Re8 28. Kf1 Ng5 29. Bxg5 Qxg5 30. h3 Qh4 31. Qg4 Qf6 32. Kg1 Kg7 33. c5 Rh8 34.
d5 Qc3 35. c6 bxc6 36. dxc6 Rxh3 37. Qe4 Qc5 38. a4 Rh5 39. Qd5 Rg5+ 40. Kh1
Ng3+ 0-1

[Event "WchT (Women) 4th"]
[Site "Astana"]
[Date "2013.03.07"]
[Round "5.2"]
[White "Kosteniuk, Alexandra"]
[Black "Safranska, Anda"]
[Result "1-0"]
[WhiteElo "2495"]
[BlackElo "2328"]
[PlyCount "99"]
[EventDate "2013.03.03"]
[EventType "team-tourn"]
[EventRounds "9"]
[EventCountry "KAZ"]
[SourceTitle "CBM 153 Extra"]
[Source "ChessBase"]
[SourceDate "2013.04.22"]
[SourceVersion "1"]
[SourceVersionDate "2013.04.22"]
[SourceQuality "1"]
[WhiteTeam "Russia (W)"]
[BlackTeam "France (W)"]
[WhiteTeamCountry "RUS"]
[BlackTeamCountry "FRA"]

1. e4 Nf6 2. e5 Nd5 3. d4 d6 4. Nf3 Bg4 5. Be2 e6 6. c4 Nb6 7. h3 Bh5 8. Nc3
Be7 9. Be3 O-O 10. Nd2 Bxe2 11. Qxe2 Nc6 12. exd6 cxd6 13. O-O d5 14. c5 Nc8
15. Rfd1 Bf6 16. Nf3 b6 17. Bf4 bxc5 18. dxc5 Bxc3 19. bxc3 Qa5 20. Qe3 N8e7
21. g4 Ng6 22. Bd6 Rfe8 23. a4 Qa6 24. h4 e5 25. h5 Nf4 26. Rd2 f6 27. a5 Qc8
28. Nh2 Qd8 29. Qf3 Qd7 30. a6 Rad8 31. Nf1 Ne7 32. Ne3 Qe6 33. Rad1 Nd3 34.
Nf5 e4 35. Nxe7+ Rxe7 36. Qf5 g6 37. Qxe6+ Rxe6 38. h6 Ne5 39. Rxd5 Nf7 40. c4
Rc8 41. Rb1 Nxh6 42. Rb7 Nxg4 43. Rxa7 e3 44. fxe3 Rxe3 45. Rb7 Rce8 46. Rd1
Ra3 47. a7 Ra2 48. Bg3 Ne5 49. Bxe5 fxe5 50. Rb8 1-0

[Event "WchT (Women) 4th"]
[Site "Astana"]
[Date "2013.03.09"]
[Round "6.2"]
[White "Khotenashvili, Bela"]
[Black "Kosteniuk, Alexandra"]
[Result "1-0"]
[WhiteElo "2499"]
[BlackElo "2495"]
[PlyCount "145"]
[EventDate "2013.03.03"]
[EventType "team-tourn"]
[EventRounds "9"]
[EventCountry "KAZ"]
[SourceTitle "CBM 153 Extra"]
[Source "ChessBase"]
[SourceDate "2013.04.22"]
[SourceVersion "1"]
[SourceVersionDate "2013.04.22"]
[SourceQuality "1"]
[WhiteTeam "Georgia (W)"]
[BlackTeam "Russia (W)"]
[WhiteTeamCountry "GEO"]
[BlackTeamCountry "RUS"]

1. d4 Nf6 2. c4 e6 3. Nc3 Bb4 4. e3 O-O 5. Bd3 c5 6. Nf3 d5 7. O-O cxd4 8. exd4
dxc4 9. Bxc4 a6 10. a4 Nbd7 11. Bg5 h6 12. Bh4 Qa5 13. Qe2 Qh5 14. Ne4 Nxe4 15.
Qxe4 Qf5 16. Qe2 Nf6 17. Bd3 Qh5 18. Rfc1 Nd5 19. Bg3 Bd7 20. Qe4 Qf5 21. Ne5
Qxe4 22. Bxe4 Rad8 23. Nd3 Bd2 24. Rc2 Bg5 25. Bxd5 exd5 26. Rc7 Bc8 27. Bf4
Bxf4 28. Nxf4 Rd6 29. a5 g5 30. Nd3 b6 31. b4 Bd7 32. Ne5 Bb5 33. Rac1 bxa5 34.
bxa5 Re6 35. h4 gxh4 36. R1c5 Rd6 37. Kh2 Kg7 38. f3 Kf6 39. Ra7 Kg7 40. Rb7 h5
41. Kh3 Rf6 42. Rxd5 Rc8 43. Nd7 Rc1 44. Kh2 Bxd7 45. Rbxd7 h3 46. Rg5+ Kh6 47.
Rdd5 hxg2 48. Rxh5+ Kg7 49. Kxg2 Rd1 50. Rhg5+ Kf8 51. Rd8+ Ke7 52. Rgd5 Re6
53. R8d7+ Kf6 54. Kg3 Kg6 55. R7d6 Kf6 56. Kf4 Ke7 57. Rd7+ Kf8 58. Rf5 Ke8 59.
Rfxf7 Rxd4+ 60. Rxd4 Kxf7 61. Rd7+ Kf8 62. Ra7 Rf6+ 63. Ke4 Re6+ 64. Kf5 Rc6
65. f4 Rc5+ 66. Kf6 Rc6+ 67. Kg5 Rc5+ 68. f5 Rxa5 69. Kf6 Ke8 70. Ke6 Kd8 71.
f6 Ra1 72. Ra8+ Kc7 73. f7 1-0

[Event "WchT (Women) 4th"]
[Site "Astana"]
[Date "2013.03.10"]
[Round "7.2"]
[White "Kosteniuk, Alexandra"]
[Black "Krush, Irina"]
[Result "0-1"]
[WhiteElo "2495"]
[BlackElo "2448"]
[PlyCount "98"]
[EventDate "2013.03.03"]
[EventType "team-tourn"]
[EventRounds "9"]
[EventCountry "KAZ"]
[SourceTitle "CBM 153 Extra"]
[Source "ChessBase"]
[SourceDate "2013.04.22"]
[SourceVersion "1"]
[SourceVersionDate "2013.04.22"]
[SourceQuality "1"]
[WhiteTeam "Russia (W)"]
[BlackTeam "US of America (W)"]
[WhiteTeamCountry "RUS"]
[BlackTeamCountry "USA"]

1. e4 c5 2. Nf3 d6 3. d4 cxd4 4. Nxd4 Nf6 5. Nc3 Nc6 6. Bg5 e6 7. Qd2 a6 8.
O-O-O h6 9. Be3 Qc7 10. f3 Rb8 11. g4 Ne5 12. Kb1 b5 13. Bd3 b4 14. Nce2 d5 15.
g5 hxg5 16. Bxg5 dxe4 17. Bxf6 gxf6 18. Bxe4 Bd7 19. Qf4 Ke7 20. Qg3 Bh6 21. f4
Nc4 22. Rhe1 f5 23. Bd3 Nd6 24. Ng1 Kf8 25. Ngf3 a5 26. Ne5 a4 27. Nxd7+ Qxd7
28. Bb5 Qc7 29. Bxa4 Ne4 30. Qb3 Bxf4 31. Qxe6 fxe6 32. Nxe6+ Kf7 33. Nxc7 Nd2+
34. Rxd2 Bxd2 35. Bb3+ Kf6 36. Re6+ Kg5 37. Re2 Bf4 38. Rg2+ Kh4 39. Ne6 Be3
40. a4 bxa3 41. Rg7 Rh6 42. Nc7 axb2 43. Re7 Bc1 44. Ne6 Ra8 45. Ba2 Rhh8 46.
Nc7 Ra7 47. Rd7 f4 48. Rg7 f3 49. Rf7 f2 0-1

[Event "RUS-chT (Women) 14th"]
[Site "Loo"]
[Date "2013.04.10"]
[Round "3"]
[White "Lagno, Kateryna"]
[Black "Kosteniuk, Alexandra"]
[Result "1/2-1/2"]
[WhiteElo "2550"]
[BlackElo "2496"]
[PlyCount "79"]
[EventDate "2013.04.07"]
[EventType "team-tourn"]
[EventRounds "7"]
[EventCountry "RUS"]
[SourceTitle "CBM 153 Extra"]
[Source "ChessBase"]
[SourceDate "2013.04.22"]
[SourceVersion "1"]
[SourceVersionDate "2013.04.22"]
[SourceQuality "1"]
[WhiteTeam "Belorechensk (W)"]
[BlackTeam "Moscow Nashe Nasledie (W)"]
[WhiteTeamCountry "RUS"]
[BlackTeamCountry "RUS"]

1. d4 Nf6 2. c4 e6 3. Nf3 b6 4. g3 Bb4+ 5. Bd2 Bxd2+ 6. Qxd2 c6 7. Bg2 d5 8.
Nc3 Bb7 9. Ne5 Nfd7 10. cxd5 cxd5 11. Nb5 O-O 12. Rc1 Nxe5 13. dxe5 Nc6 14. f4
Ba6 15. Nd6 Na5 16. b3 Nb7 17. Nxb7 Bxb7 18. O-O Qe7 19. Rc2 Rac8 20. Rfc1 h6
21. e3 Rxc2 22. Rxc2 Rc8 23. Rxc8+ Bxc8 24. Qc2 Qc5 25. Qxc5 bxc5 26. Kf2 Bd7
27. Ke1 a5 28. Kd2 Bb5 29. Kc3 Kf8 30. a3 Ke7 31. b4 axb4+ 32. axb4 cxb4+ 33.
Kxb4 Be2 34. Kc5 Bd1 35. e4 dxe4 36. Bxe4 Be2 37. Bc6 Bd1 38. Kd4 Be2 39. Ke3
Bd1 40. Kd4 1/2-1/2

[Event "RUS-chT (Women) 14th"]
[Site "Loo"]
[Date "2013.04.11"]
[Round "4"]
[White "Kosteniuk, Alexandra"]
[Black "Ushenina, Anna"]
[Result "1/2-1/2"]
[WhiteElo "2496"]
[BlackElo "2488"]
[PlyCount "175"]
[EventDate "2013.04.07"]
[EventType "team-tourn"]
[EventRounds "7"]
[EventCountry "RUS"]
[SourceTitle "CBM 153 Extra"]
[Source "ChessBase"]
[SourceDate "2013.04.22"]
[SourceVersion "1"]
[SourceVersionDate "2013.04.22"]
[SourceQuality "1"]
[WhiteTeam "Moscow Nashe Nasledie (W)"]
[BlackTeam "Yugra (W)"]
[WhiteTeamCountry "RUS"]
[BlackTeamCountry "RUS"]

1. e4 c5 2. Nf3 d6 3. d4 cxd4 4. Nxd4 Nf6 5. Nc3 a6 6. Be2 e5 7. Nb3 Be7 8. O-O
O-O 9. Re1 Nc6 10. Bf3 h6 11. Be3 Na5 12. Qd3 Qc7 13. Nd2 Bd7 14. Nf1 Rac8 15.
Ng3 Rfe8 16. h3 Nc4 17. Bc1 b5 18. Nh5 Be6 19. a4 Qc5 20. axb5 axb5 21. Nxf6+
Bxf6 22. Nd1 b4 23. b3 Na5 24. Be3 Qc7 25. Ra4 Nc6 26. Re2 Bg5 27. Nb2 Ra8 28.
Re1 Rxa4 29. Nxa4 Bxe3 30. fxe3 Na7 31. Rd1 Rc8 32. Rd2 Qc6 33. Be2 Kf8 34. Bf1
Ke7 35. Rf2 Rb8 36. Rd2 Nb5 37. Rd1 Na7 38. Qd2 Rb7 39. Nb2 Nc8 40. Nd3 Qb6 41.
Ra1 Bd7 42. Nb2 Ra7 43. Re1 Bc6 44. Nd3 Rb7 45. Nf2 Qa5 46. Rd1 Rd7 47. Qe1 Rb7
48. Bc4 Kf8 49. Ra1 Qc7 50. Qd2 Rb8 51. Bd5 Ne7 52. Bc4 Nc8 53. Ra6 Qb7 54. Qd3
Ra8 55. Rxa8 Qxa8 56. Qd2 Bxe4 57. Nxe4 Qxe4 58. Bd5 Qf5 59. Qxb4 g5 60. Qb7
Ne7 61. Qb8+ Kg7 62. Qxd6 Ng6 63. Qc7 h5 64. Qc4 g4 65. hxg4 hxg4 66. Qe4 Qh5
67. g3 f5 68. Qb4 Qh3 69. Qe1 e4 70. Bc4 Ne5 71. Be2 Kg6 72. Qf2 Qh8 73. Qf4
Nf7 74. Bc4 Ne5 75. Be2 Nf7 76. Qc7 Qb2 77. Qc6+ Kg7 78. Qc7 Kg6 79. Kf2 Qc1
80. Qc6+ Kg7 81. Qc3+ Kg6 82. Bb5 Qh1 83. Qc6+ Kg7 84. Qc3+ Kg6 85. Be8 Qf3+
86. Ke1 Qxg3+ 87. Kd2 Qd6+ 88. Kc1 1/2-1/2

[Event "RUS-chT (Women) 14th"]
[Site "Loo"]
[Date "2013.04.13"]
[Round "5"]
[White "Atalik, Ekaterina"]
[Black "Kosteniuk, Alexandra"]
[Result "1-0"]
[WhiteElo "2455"]
[BlackElo "2496"]
[PlyCount "115"]
[EventDate "2013.04.07"]
[EventType "team-tourn"]
[EventRounds "7"]
[EventCountry "RUS"]
[SourceTitle "CBM 153 Extra"]
[Source "ChessBase"]
[SourceDate "2013.04.22"]
[SourceVersion "1"]
[SourceVersionDate "2013.04.22"]
[SourceQuality "1"]
[WhiteTeam "Kazan Ladya (W)"]
[BlackTeam "Moscow Nashe Nasledie (W)"]
[WhiteTeamCountry "RUS"]
[BlackTeamCountry "RUS"]

1. d4 Nf6 2. c4 e6 3. Nc3 Bb4 4. e3 O-O 5. Bd3 c5 6. Nge2 d5 7. cxd5 cxd4 8.
exd4 Nxd5 9. O-O Nc6 10. Nxd5 Qxd5 11. a3 Be7 12. Be3 Bf6 13. Qc2 g6 14. Rfd1
Qd8 15. Be4 Bd7 16. d5 exd5 17. Bxd5 Qc8 18. Rac1 Ne7 19. Qb1 Bc6 20. Bxc6 Nxc6
21. Nf4 Be5 22. b4 Bxf4 23. Bxf4 Qg4 24. Be3 Rfd8 25. h3 Qh4 26. b5 Nd4 27. Rc7
Nf5 28. Rxd8+ Qxd8 29. Bf4 Qd5 30. Kh2 Re8 31. Qc2 Nh4 32. f3 Nxf3+ 33. Kg3 Nd4
34. Qc4 Ne2+ 35. Kh2 Qf5 36. Bd6 Qf6 37. Qc5 b6 38. Rc8 Qe6 39. Rxe8+ Qxe8 40.
Qe5 Qd7 41. Be7 f6 42. Qxe2 Qc7+ 43. g3 Kf7 44. Bb4 h5 45. Kg2 Qd7 46. Qe4 Qd8
47. Qc4+ Kg7 48. Qe6 Qd4 49. h4 Qb2+ 50. Kf3 g5 51. Qe7+ Kg6 52. Qe8+ Kh7 53.
Qf7+ Kh8 54. hxg5 fxg5 55. Qxh5+ Kg7 56. Qxg5+ Kf7 57. Qf5+ Kg7 58. Qd3 1-0

[Event "Geneve FIDE GP (Women)"]
[Site "Geneve"]
[Date "2013.05.03"]
[Round "1"]
[White "Dzagnidze, Nana"]
[Black "Kosteniuk, Alexandra"]
[Result "1/2-1/2"]
[WhiteElo "2545"]
[BlackElo "2491"]
[PlyCount "97"]
[EventDate "2013.05.03"]
[EventType "tourn"]
[EventRounds "11"]
[EventCountry "SUI"]
[EventCategory "11"]
[SourceTitle "CBM 154 Extra"]
[Source "ChessBase"]
[SourceDate "2013.06.25"]
[SourceVersion "2"]
[SourceVersionDate "2013.06.25"]
[SourceQuality "1"]

1. d4 d5 2. c4 e6 3. Nc3 Be7 4. cxd5 exd5 5. Bf4 c6 6. e3 Bf5 7. g4 Be6 8. h4
Nd7 9. g5 h6 10. g6 Ngf6 11. gxf7+ Bxf7 12. Bd3 Qa5 13. Nge2 Ne4 14. Qb3 b5 15.
Qc2 Ndf6 16. Rg1 Nxc3 17. bxc3 Kf8 18. Be5 Rg8 19. Nf4 Ne4 20. Bxe4 dxe4 21.
Ng6+ Ke8 22. Nxe7 Kxe7 23. Bxg7 Bd5 24. Rg3 b4 25. cxb4 Qxb4+ 26. Qd2 Qxd2+ 27.
Kxd2 Rab8 28. Kc3 h5 29. Rg5 Rb5 30. Be5 Rxg5 31. hxg5 Kf7 32. a4 Rb3+ 33. Kc2
Kg6 34. Bf4 Rd3 35. Rb1 Ra3 36. Rb8 Rxa4 37. Rh8 Ra2+ 38. Kc3 Rxf2 39. Rh6+ Kf5
40. Rxh5 a5 41. Rh8 Ra2 42. Rf8+ Kg6 43. Rf6+ Kh5 44. Rh6+ Kg4 45. g6 Ra3+ 46.
Kb2 Ra2+ 47. Kc3 Ra3+ 48. Kb2 Ra2+ 49. Kc3 1/2-1/2